Nonverbal behavior in interpersonal relations
Αποθηκεύτηκε σε:
| Κύριος συγγραφέας: | |
|---|---|
| Άλλοι συγγραφείς: | , |
| Μορφή: | Βιβλίο |
| Γλώσσα: | English |
| Δημοσίευση: |
Boston :
Allyn & Bacon,
2012
|
| Έκδοση: | 7η έκδ. |
| Θέματα: | |
| Ετικέτες: |
Προσθήκη ετικέτας
Δεν υπάρχουν, Καταχωρήστε ετικέτα πρώτοι!
|
MARC
| LEADER | 00000nam a2200000 i 4500 | ||
|---|---|---|---|
| 001 | 1/56837 | ||
| 008 | 140923s2012 eng d | ||
| 020 | |a 978-0-205-04230-2 (pbk.) | ||
| 035 | |l 10119247 | ||
| 040 | |a GR-MY-UA |b gre |e aacr | ||
| 041 | 0 | |a eng | |
| 082 | 0 | |a 153.69 |2 (23) | |
| 100 | 1 | |a Richmond, Virginia Peck. | |
| 245 | 1 | 0 | |a Nonverbal behavior in interpersonal relations / |c Virginia Peck Richmond, James C. McCroskey, Mark L. Hickson III |
| 250 | |a 7η έκδ. | ||
| 260 | |a Boston : |b Allyn & Bacon, |c 2012 | ||
| 300 | |a xii., 356 σ.; |b φωτ., εικ.; |c 23 εκ. | ||
| 504 | |a Περιλαμβάνει βιβλιογραφικές παραπομπές και ευρετήριο | ||
| 650 | 0 | 0 | |a Body language. |
| 650 | 0 | 0 | |a Interpersonal relations. |
| 700 | 1 | |a McCroskey, James C. | |
| 700 | 1 | |a Hickson III, Mark L. | |
| 852 | |a INST |b RHODES |e 20140923 |h 153.69 RIC |p 005400036855 |q 005400036855 |t BK |y 0 | ||
| 901 | |a BIBL4-2014-3 | ||
| 909 | |a Ρ |b 189234 | ||
| 922 | |a 4ΕΛΗ |b 201405 |c ΤΑΚ/ΤΕΠΑΕΣ |d ΔΙΑΔΡΟΜΕΣ | ||
| 970 | |z 2014/09/23 | ||